000 00570nam a2200229Ia 4500
003 OSt
005 20220918200538.0
006 a|||||r|||| 00| 0
007 ta
008 220917b |||||||| |||| 00| 0 eng d
024 _a89,285
037 _cTextual
040 _aARTS
_cARTS
_beng
041 _2eng
_aeng
082 _aU283, J9
100 _aPriestley C H B
_994602
245 0 _aTurbulent transfer in the lower atmosphere
260 _c1959
650 _aGEOGRAPHY
942 _hU283, J9
_cTEXL
_2CC
999 _c212955
_d212955